书目信息 |
| 题名: |
总体性与乌托邦
|
|
| 作者: | 张康之 著 | |
| 分册: | ||
| 出版信息: | 长春 吉林出版集团有限责任公司 2007.12 |
|
| 页数: | 303页 | |
| 开本: | 24cm | |
| 丛书名: | 当代中国学术文库·政治学卷 | |
| 单 册: | ||
| 中图分类: | D091.6 | |
| 科图分类: | ||
| 主题词: | 政治学--历史 , 政治思想史 | |
| 电子资源: | ||
| ISBN: | 978-7-80762-465-3 | |
| 000 | 00844nam 2200253 450 | |
| 001 | 1148356797 | |
| 005 | 20111230132901.51 | |
| 010 | @a978-7-80762-465-3@dCNY32.00 | |
| 100 | @a20111230d2007 km y0chiy0120 ea | |
| 101 | 0 | @achi |
| 102 | @aCN@b220000 | |
| 105 | @ay z 000yy | |
| 200 | 1 | @a总体性与乌托邦@Azong ti xing yu wu tuo bang@e人体主义马克思主义的总体范畴@f张康之著@Fzhang kang zhi zhu |
| 210 | @a长春@c吉林出版集团有限责任公司@d2007.12 | |
| 215 | @a303页@d24cm | |
| 225 | 2 | @a当代中国学术文库·政治学卷 |
| 410 | 0 | @12001 @a当代中国学术文库·政治学卷 |
| 517 | 1 | @a人体主义马克思主义的总体范畴@Aren ti zhu yi ma ke si zhu yi de zong ti fan chou |
| 606 | 0 | @a政治学@x历史 |
| 606 | 0 | @a政治思想史 |
| 690 | @aD091.6@v5 | |
| 701 | 0 | @a张康之@Azhang kang zhi@4著 |
| 801 | 0 | @aCN@bTYGS@c20111230 |
| 905 | @aZUCC@dD091.6@eZ130@f3 | |
| 总体性与乌托邦:人体主义马克思主义的总体范畴/张康之著.-长春:吉林出版集团有限责任公司,2007.12 |
| 303页;24cm.-(当代中国学术文库·政治学卷) |
| ISBN 978-7-80762-465-3:CNY32.00 |
| ● |
| 相关链接 |
|
|
|
正题名:总体性与乌托邦
索取号:D091.6/Z130
 
预约/预借
| 序号 | 登录号 | 条形码 | 馆藏地/架位号 | 状态 | 备注 |
| 1 | 1191170 | 211911706 | 社科库509/509社科库 68排4列2层/ [索取号:D091.6/Z130] | 在馆 | |
| 2 | 1191171 | 211911715 | 社科库509/509社科库 68排4列2层/ [索取号:D091.6/Z130] | 在馆 | |
| 3 | 1191172 | 211911724 | 社科库509/509社科库 68排4列2层/ [索取号:D091.6/Z130] | 在馆 |